00465nam a2200193Ia 4500003000900000008004100009040001300050040001300063041000900076100001700085100000800102245009500110250000900205260002100214260000900235300001100244300001000255490000600265IT-RoPAU120407s9999 xx 000 0 und d aIT-RoPAU cIT-RoPAU alat  aMartin Jugie caa. aDe processione Spiritus Sancti ex fontibus revelationis et secundum Orientales dissidentes aRoma aSeminario Romano c1936 a418 p. c24 cm v1